书目信息 |
| 题名: |
师范专科学校文科主要教学参考书书目
|
|
| 作者: | 张厚涵 主编 | |
| 分册: | ||
| 出版信息: | 济南 山东人民出版社 1989.7 |
|
| 页数: | 462页 | |
| 开本: | 19厘米 | |
| 丛书名: | ||
| 单 册: | ||
| 中图分类: | Z836 | |
| 科图分类: | 91.18 | |
| 主题词: | 文科(教育)-师范大学-参考书目录 , 参考书目录-文科(教育)-师范大学 , 师范大学-文科(教育)-参考书目录 | |
| 电子资源: | ||
| ISBN: | 7-209-00451-3 | |
| 000 | 00908nam0 2200253 45 | |
| 001 | 0190004253 | |
| 005 | 20070730085825.93 | |
| 010 | @a7-209-00451-3@dCNY4.40 | |
| 100 | @a19921105d1989 em y0chiy0121 ea | |
| 101 | 0 | @achi |
| 102 | @aCN@b370000 | |
| 105 | @ay b 000yy | |
| 200 | 10 | @a师范专科学校文科主要教学参考书书目@ASHI FAN ZHUAN KE XUE XIAO WEN KE ZHU YAO JIAO XUE CAN KAO SHU SHU MU@f张厚涵主编@FZHANG HOU HAN ZHU BIAN |
| 210 | @a济南@c山东人民出版社@d1989.7 | |
| 215 | @a462页@d19厘米 | |
| 540 | 1 | @a师范 专科 学校 文科 教学 参考书 书目@ASHI FAN ZHUAN KE XUE XIAO WEN KE JIAO XUE CAN KAO SHU SHU MU |
| 606 | @a文科(教育)-师范大学-参考书目录 | |
| 606 | @a参考书目录-文科(教育)-师范大学 | |
| 606 | @a师范大学-文科(教育)-参考书目录 | |
| 690 | @aZ836@v三版 | |
| 692 | @a91.18 | |
| 701 | 0 | @a张厚涵@AZHANG HOU HAN@4主编 |
| 801 | 0 | @aCN@bTSSF@c20070730 |
| 905 | @a10447@dZ836@e59 | |
| 师范专科学校文科主要教学参考书书目/张厚涵主编.-济南:山东人民出版社,1989.7 |
| 462页;19厘米 |
| ISBN 7-209-00451-3:CNY4.40 |
| ● |
| 相关链接 |
|
|
|
|
正题名:师范专科学校文科主要教学参考书书目
索取号:Z836/59
 
预约/预借
| 序号 | 登录号 | 条形码 | 馆藏地/架位号 | 状态 | 备注 |
| 1 | 0784609 | 207846090 | 第二样本阅览室/ [索取号:Z836/59] | 在馆 |